| 000 | 00524nam a22002177a 4500 | ||
|---|---|---|---|
| 005 | 20170124110104.0 | ||
| 010 | _a994738 | ||
| 020 | _c00.00 | ||
| 035 | _a994738 | ||
| 037 | _bCen Lib/Ret | ||
| 040 |
_aDPL _bEN |
||
| 082 |
_aN- _bFER |
||
| 100 |
_aFerber, Edna _980294 |
||
| 245 |
_aGiant / _cby Edna Ferber |
||
| 260 |
_aLondon _bThe Companion Book Club |
||
| 270 | _bLondon | ||
| 300 |
_a384p. _c17cm(Hb) |
||
| 650 |
_aEnglish literature _980295 |
||
| 650 |
_aNovels _913976 |
||
| 942 |
_2ddc _cEN _hN- _mFER |
||
| 999 |
_c129897 _d129897 |
||